000 00400nam a2200133Ia 4500
008 250506s9999 xx 000 0 und d
024 _a12B-148-EL & 12B-152-EL
082 _a670.427072 SAA
100 _aSaad Masood & Taha Ahmed Bin Fahim
245 0 _aAutomatic Car Washing System
260 _aKarachi:
_bUIT,
_c2012
600 _aElectrical Engineering
650 _aBachelor of Engineering (BE)
999 _c28101
_d28101